Experimental Evaluation of Flexural Properties of RC Beams Made with Coarse Aggregates from Demolished Concrete Under Long Term Loading (Ph.D Thesis) (Record no. 66494)

MARC details
000 -LEADER
fixed length control field 00475nam a22001217a 4500
100 ## - MAIN ENTRY--AUTHOR NAME
Personal name Mehboob Oad
-- PCE-011/5
-- Supervisor - Prof .Dr BashirAhmed Memon
245 ## - TITLE STATEMENT
Title Experimental Evaluation of Flexural Properties of RC Beams Made with Coarse Aggregates from Demolished Concrete Under Long Term Loading (Ph.D Thesis)
260 ## - PUBLICATION, DISTRIBUTION, ETC. (IMPRINT)
Place of publication QUEST
Name of publisher QUEST
Year of publication 2019
300 ## - PHYSICAL DESCRIPTION
Number of Pages 273p.
700 ## - ADDED ENTRY--PERSONAL NAME
Personal name Department of Civil Engineering
856 ## - ELECTRONIC LOCATION AND ACCESS
Uniform Resource Identifier https://tinyurl.com/2s34yyue
942 ## - ADDED ENTRY ELEMENTS (KOHA)
Koha item type Thesis and Dissertation
Holdings
Withdrawn status Lost status Home library Current library Date acquired Accession Number Koha item type
    Research Section Research Section 23/07/2020 PP/58733 Thesis and Dissertation